| 000 | 00627nam a2200205 a 4500 | ||
|---|---|---|---|
| 001 | 000001257 | ||
| 005 | 20200929145524.0 | ||
| 008 | 750210s1974 bcca 001 0aeng | ||
| 020 | _a0888940645 | ||
| 040 |
_aDO-SdBNP _cDLC _dDLC |
||
| 082 |
_a917.13 _bB814ó |
||
| 100 | 1 |
_aBraithwaite, Max _94266 |
|
| 245 | 1 | 0 |
_aMax Braithwaite's Ontario / _cMax Braithwaite. |
| 260 |
_aVancouver : _bJ. J. Douglas, _c1974. |
||
| 300 |
_a215 p., [16] : _bil. ; _c24 cm. |
||
| 651 | 4 |
_aOntario _xDescripciones Y Viajes _94267 |
|
| 651 | 4 |
_aOntario _xHistoria _94268 |
|
| 600 | 1 | 4 |
_aBRAITHWAITE, MAX. _94269 |
| 910 | _aCatalogación por copia / LC | ||
| 999 |
_c1200 _d1200 |
||